000 00563nam a22001692 4500
001 000019779
005 20200929170133.0
008 910610s1947 ag 000 0 spa
010 _altf91061834
040 _aDO-SdBNP
_cDLC
_dDLC
050 0 0 _a4PQ Span Am 73
100 1 _aFrias, Bernardino Fernandez de Velasco,
_cduque de,
_d1707-1771. [from old catalog]
_942254
245 0 0 _aDeleite de la discrecion y facil escuela de la agudeza.
260 _aBuenos Aires, :
_bEspasa-Calpe Argentina,
_c[1947].
300 _a190 p.
910 _aCatalogación derivada / LC
999 _c19293
_d19293